000 00431nam a2200181Ia 4500
001 11527
003 IN-NITTTR
005 20251114233107.0
008 251113s9999||||xx |||||||||||||| ||eng||
040 _beng
040 _cIN-NITTTR
041 _aeng
082 _aR624.1834 M661C
100 _aMindess, Sidney
245 0 _aConcrete /
_cMindess, Sidney, Young, Francis J.
700 _a Young, Francis J.
942 _2ddc
_cBK
999 _c14163
_d14163